MICRO CLUSTERS FEEL GLOBAL BE LOCAL (Record no. 14717)

MARC details
000 -LEADER
fixed length control field 00348nam a2200133Ia 4500
008 - FIXED-LENGTH DATA ELEMENTS--GENERAL INFORMATION
fixed length control field 240624s9999 xx 000 0 und d
041 ## - LANGUAGE CODE
Language code of text/sound track or separate title eng
082 ## - DEWEY DECIMAL CLASSIFICATION NUMBER
Classification number 338.87 SOM
100 ## - MAIN ENTRY--PERSONAL NAME
Personal name SOMANATH V S
245 ## - TITLE STATEMENT
Title MICRO CLUSTERS FEEL GLOBAL BE LOCAL
260 ## - PUBLICATION, DISTRIBUTION, ETC.
Date of publication, distribution, etc. 2010
Place of publication, distribution, etc. New Delhi
Name of publisher, distributor, etc. Excel Books
300 ## - PHYSICAL DESCRIPTION
Extent xvii, : 173 : p. : cm. ; 21
365 ## - TRADE PRICE
Currency code RS
Price amount 30
Holdings
Withdrawn status Lost status Damaged status Not for loan Home library Current library Shelving location Date acquired Source of acquisition Cost, normal purchase price Total Checkouts Total Holds Full call number Barcode Date last seen Date last checked out Copy number Price effective from Koha item type
        IMTN IMTN Rack 13-A 03/04/2010 PSBE 300.00 2 784 338.87 SOM 14717 10/14/2024 10/04/2024 1 06/24/2024 Books
Designed & Maintained by: LRC IMT Nagpur Contact: lrc@imtnag.ac.in© 2024. All Rights Reserved.